| 000 | 01862cam a2200433 i 4500 | ||
|---|---|---|---|
| 001 | xx005921407 | ||
| 003 | NUKAT | ||
| 005 | 20260422182217.0 | ||
| 008 | 260421s1883 gw g |001 0 ger c | ||
| 035 | _a(NUKAT)xx005921407 | ||
| 040 |
_aOLSZT 008/LL _bpol _erda _cOLSZT 008/LL _dOLSZT 008/LL |
||
| 045 | 2 |
_bd1525 _bd1555 |
|
| 046 | _k1883 | ||
| 100 | 1 |
_aJanssen, Johannes _d(1829-1891). _eAutor _940327 |
|
| 245 | 1 | 0 |
_aAllgemeine Zustände des deutschen Volkes : _bseit dem Ausgang der socialen revolution bis zum sogenannten Augsburger Religionsfrieden von 1555 / _cvon Johannes Janssen. |
| 246 | 1 | 3 | _aDie politisch-kirchliche Revolution der Fürsten und Städte und ihre Folgen für Volk und Reich bis zum sogenannten Augsburger Religionsfrieden von 1555 |
| 250 | _aNeunte bis zwölfte Auflage. | ||
| 260 |
_aFreiburg im Bresigau : _bHerder'sche Verlagshandlung, _c1883. |
||
| 300 |
_aXXXIX, [1], 753 strony ; _c23 cm. |
||
| 336 |
_aTekst _btxt _2rdacontent |
||
| 337 |
_aBez urządzenia pośredniczącego _bn _2rdamedia |
||
| 338 |
_aWolumin _bnc _2rdacarrier |
||
| 380 | _aKsiążki | ||
| 380 | _aPublikacje naukowe | ||
| 388 | 1 | _a1801-1900 | |
| 490 | 1 |
_aGeschichte des deutschen Volkes seit dem Ausgang des Mittelalters / von Johannes Janssen ; _vBd. 3 |
|
| 504 | _aBibliografia na stronach XXV-XXXIX. Indeksy. | ||
| 648 | 7 |
_a1501-1600 _2DBN _936032 |
|
| 650 | 7 |
_aEwangelicyzm augsburski _2DBN _935711 |
|
| 650 | 7 |
_aReformacja _2DBN _935694 |
|
| 651 | 7 |
_aNiemcy _2DBN _935243 |
|
| 651 | 7 |
_aNiemcy _y16 w. _2kaba _933473 |
|
| 651 | 7 |
_aNiemcy _xhistoria. _2kaba _95835 |
|
| 658 | _aHistoria | ||
| 658 | _aReligia i duchowość | ||
| 710 | 2 |
_aHerdersche Verlagsbuchhandlung. _eWydawca _4pbl _936009 |
|
| 800 | 1 |
_aJanssen, Johannes _d(1829-1891). _tGeschichte des deutschen Volkes seit dem Ausgang des Mittelalters _vBd. 3 _940328 |
|
| 942 |
_2ddc _cBK_NM |
||
| 999 |
_c27723 _d27723 |
||